000 00315nam a2200121Ia 4500
008 190216s9999||||xx |||||||||||||| ||und||
100 _aSineh S K
245 0 _aFinance In Developed And Developing Countries Public Finance
260 _bS Chand & Co
_c1991
300 _a704 pages
650 _aEconomics
942 _cBK
999 _c9841
_d9841